000
00364nam a22001337a 4500
020
_a
9787513817400
082
_a
915.1035 CHI
100
_a
Sinolingua
245
_a
China Close-up : creative and high-tech China
_c
Sinolingua
260
_a
Beijing
_b
Sinolingua
_c
2019
300
_a
127p
942
_2
ddc
_c
BK
999
_c
588404
_d
588404